Un million de faits (Record no. 159681)
[ view plain ]
| 000 -LEADER | |
|---|---|
| campo de control de longitud fija | 00879nam a22001935i 4500 |
| 001 - NÚMERO DE CONTROL | |
| campo de control | 159681 |
| 003 - IDENTIFICADOR DE NÚMERO DE CONTROL | |
| campo de control | ES-MaACL |
| 005 - FECHA Y HORA DE LA ÚLTIMA TRANSACCIÓN | |
| campo de control | 20230906211729.0 |
| 008 - DATOS DE LONGITUD FIJA--INFORMACIÓN GENERAL | |
| campo de control de longitud fija | 000119q18801900fr a |||| | fre d |
| 040 ## - FUENTE DE CATALOGACIÓN | |
| Centro catalogador/agencia de origen | CAM |
| Lengua de catalogación | spa |
| Centro/agencia transcriptor | CAM |
| 080 ## - NÚMERO DE LA CLASIFICACIÓN DECIMAL UNIVERSAL | |
| Número de la Clasificación Decimal Universal | 03 |
| 245 03 - MENCIÓN DEL TÍTULO | |
| Título | Un million de faits |
| Resto del título | : aide-mémoire universel des sciences, des arts et des lettres / |
| Mención de responsabilidad, etc. | par J. Aicard [et. al.]. |
| 250 ## - MENCION DE EDICION | |
| Mención de edición | 9e éd. rev. et corr. |
| 260 ## - PUBLICACIÓN, DISTRIBUCIÓN, ETC. | |
| Lugar de publicación, distribución, etc. | Paris : |
| Nombre del editor, distribuidor, etc. | Garnier fréres libraires, |
| Fecha de publicación, distribución, etc. | [s.a.[ ( |
| Fabricante | Imprimerie de J. Claye) |
| 300 ## - DESCRIPCIÓN FÍSICA | |
| Extensión | XXVII, 1595, 36, [1] p. : |
| Otras características físicas | il. ; |
| Dimensiones | 19 cm. |
| 596 #1 - NOTA AL PIE DE IMPRENTA | |
| NOTA AL PIE DE IMPRENTA | Probablemente fechada en la segunda mitad del siglo XIX. |
| 700 11 - ENTRADA AGREGADA--NOMBRE PERSONAL | |
| Nombre de persona | Aicard, J. |
| 9 (RLIN) | 125566 |
| 852 ## - LOCALIZACIÓN | |
| Ubicación | ES-MaACL |
| Número de control de estantería | D-1757 |
| Nota libre | -- Enc. tela |
| -- | -- Legado de Modesto de la Fuente |
| Encuadernación | -- Edic.: corregir en T300 1595 col., [76] p. |
| -- | -- Edic.: probablemente el registro bibliográfico corresponda a este ejemp. del Ateneo |
| Estatus retirado | Estado de pérdida | Estado de daño | No para préstamo | Biblioteca de origen | Biblioteca actual | Ubicación en estantería | Fecha de adquisición | Fuente de adquisición | Total de préstamos | Signatura topográfica completa | Código de barras | Visto por última vez | Precio de reemplazo | Tipo de ítem Koha |
|---|---|---|---|---|---|---|---|---|---|---|---|---|---|---|
| Biblioteca del Ateneo de Madrid | Biblioteca del Ateneo de Madrid | Sala Valle Inclán | 17/01/2008 | D-1757 | 901167169 | 23/02/2023 | 23/02/2023 | Libro impreso |
